Foundations of behavioral research
This book introduce the language and approach of science. Sets, relations and varriance. Analysis, interpretation, statistics and inference. Analysis of variance. Methods of observation and data collection...
Kaydedildi:
| Yazar: | |
|---|---|
| Materyal Türü: | Kitap |
| Dil: | Undetermined |
| Baskı/Yayın Bilgisi: |
New York
Holt, Rinehart and Winston
1964
|
| Konular: | |
| Etiketler: |
Etiketle
Etiket eklenmemiş, İlk siz ekleyin!
|
| Thư viện lưu trữ: | Trung tâm Học liệu Trường Đại học Cần Thơ |
|---|
| LEADER | 00768nam a2200205Ia 4500 | ||
|---|---|---|---|
| 001 | CTU_232430 | ||
| 008 | 210402s9999 xx 000 0 und d | ||
| 082 | |a 150 | ||
| 082 | |b K39 | ||
| 100 | |a Kerlinger, Fred N. | ||
| 245 | 0 | |a Foundations of behavioral research | |
| 245 | 0 | |c Fred N. Kerlinger | |
| 260 | |a New York | ||
| 260 | |b Holt, Rinehart and Winston | ||
| 260 | |c 1964 | ||
| 520 | |a This book introduce the language and approach of science. Sets, relations and varriance. Analysis, interpretation, statistics and inference. Analysis of variance. Methods of observation and data collection... | ||
| 650 | |a Tâm lý học,Psychology | ||
| 650 | |x Nghiên cứu,Research | ||
| 910 | |b dqhieu | ||
| 980 | |a Trung tâm Học liệu Trường Đại học Cần Thơ | ||